| 000 | 01007nam a2200301 a 4500 | ||
|---|---|---|---|
| 008 | 200218e2015 s/l||||| |||| 00| 0 spa d | ||
| 020 | _aS/D | ||
| 041 | _aspa | ||
| 092 |
_c616.132 _l55 _sNAD |
||
| 100 | 1 |
_aNadar, Sunil _eEd. _94115 |
|
| 245 |
_aOxford Cardiology Library. _bHipertensión / _cSunil Nadar |
||
| 250 | _a2a ed. | ||
| 260 |
_aReino Unido: _bOxford University Press; _c2015. |
||
| 300 | _a202 p. | ||
| 500 | _aNadar, S. y Lip, G. Y. H. (Eds.). (2015). Oxford Cardiology Library. Hipertensión. (2a ed.). S/L : Oxford University Press. | ||
| 590 | _aDonacion 2020 | ||
| 653 | _aHipertension | ||
| 653 | _aEpidemiologia, patogenesis y diagnostico | ||
| 653 | _aFisiopatologia | ||
| 653 | _aHipertension renovascular | ||
| 653 | _aHiperaldosteronismo primario | ||
| 653 | _aEstilo de vida | ||
| 653 | _aDiagnostico e investigacion | ||
| 653 | _aComplicaciones de la hipertension | ||
| 653 | _aManejo y tratamiento | ||
| 700 | 1 |
_aLip, Gregory Y. H. _eEd. _94116 |
|
| 942 |
_2ddc _cBK |
||
| 999 |
_c3069 _d3069 |
||